000 00564nam a22002057a 4500
003 Ost
005 20250521194301.0
008 250521b |||||||| |||| 00| 0 eng d
020 _a9788120314740
040 _cBT-PhCST
050 _aD4660
082 _222
_a628
_bSIN
100 _aSincero, Arcadio P
245 _aEnvironmental engineering :
_ba design approach /
260 _aNew Delhi :
_bPHI Learning Private Limited,
_c2010.
300 _axx, 795 p, :
_bill, :
_c23 cm.
504 _aIncludes Index
700 _aSincero, Gregoria A
942 _2ddc
_cCIVIL
999 _c10007
_d10007